Forest resources & sustainable development : Perinciples, perspectives and practices
| Main Author: | |
|---|---|
| Format: | Book |
| Published: |
New Delhi, India :
Concept Publishing Company ,
2004
|
| Subjects: |
MARC
| LEADER | 00000cam a2200000 7i4500 | ||
|---|---|---|---|
| 001 | 0000003691 | ||
| 005 | 20110620.0 | ||
| 020 | 0 | 0 | |a 8180690954 |
| 090 | 0 | 0 | |a 634 BEB |
| 100 | 1 | 0 | |a Bebarta, Kailash Chandra |
| 245 | 1 | 0 | |a Forest resources & sustainable development : |b Perinciples, perspectives and practices |c Kailash Chandra Bebarta |
| 260 | 0 | 0 | |a New Delhi, India : |b Concept Publishing Company , |c 2004 |
| 300 | |a ix, 436p. ; |c 23cm. | ||
| 650 | 0 | 0 | |a Forest management |
| 650 | 0 | 0 | |a Sustainable forestry |
| 998 | |a JPSM | ||
| 999 | |a 007233 |b Monograph |c Open Shelf |e Default branch | ||